Manual on public participation for investors in central and eastem Europe and the former Soviet Union

Bibliographic Details
Language:English
Published: London, 2000
Subjects:
Format: Book
KOHA link:https://koha.lib.tpu.ru/cgi-bin/koha/opac-detail.pl?biblionumber=25266

MARC

LEADER 00000nam0a2200000 4500
001 25266
005 20231030200842.0
035 |a (RuTPU)RU\TPU\book\25502 
035 |a BOOK00025577 
090 |a 25266 
100 |a 20011209d1995 m y0engy50 ba 
101 0 |a eng 
102 |a GB 
105 |a y j 000zy 
200 1 |a Manual on public participation for investors in central and eastem Europe and the former Soviet Union 
210 |a London  |d 2000 
215 |a 79 p. 
610 1 |a английский язык 
610 1 |a учебные пособия 
610 1 |a книги для чтения 
610 1 |a хрестоматии 
610 1 |a природа 
610 1 |a охрана 
610 1 |a экология 
675 |a 504.03  |v 3 
686 |a Ш143.21-923.81  |v LBC/SL-A  |2 rubbk 
801 0 |a RU  |b 63413507  |c 20011209  |g PSBO 
801 2 |a RU  |b 63413507  |c 20090120  |g PSBO 
942 |c BK